| 000 | 01133nab a22002177i 4500 | ||
|---|---|---|---|
| 001 | 768714001 | ||
| 003 | CO-MdFUSB | ||
| 005 | 20240426092817.0 | ||
| 008 | 240425t1980 us ||||| |||| 00| 0 eng d | ||
| 040 |
_bspa _cCO-MdFUSB _dCO-MdFUSB |
||
| 041 | _aeng | ||
| 100 |
_aPrice, Roy, _eautor |
||
| 245 |
_aBuilding trust between pastor and congregation _c/ Roy C. Price |
||
| 300 |
_aVolumen 1, número 2 (spring, 1980), páginas: 47 - 53 _c; 27 cm |
||
| 520 | _aConstruyendo confianza entre el pastor y la congregación, expone la deshonestidad, la inconsistencia y el distanciamiento impiden seriamente la confianza de una congregación en su pastor. La crítica sin restricciones y la insensibilidad general de la congregación pueden ser igualmente destructivas. Es tarea de ambas partes velar por que se desarrolle la confianza en la iglesia. | ||
| 546 | _aTexto en inglés | ||
| 650 | 7 |
_aÉtica cristiana _9185 |
|
| 650 | 7 |
_aTeología pastoral y unidad cristiana _97183 |
|
| 773 | 0 |
_068780 _982544 _oR2478 _tLeadership : _w(CO-MdFUSB)768714001 _gVolumen 1, número 2 (spring, 1980), páginas: 47 - 53 _qpágina: 47 |
|
| 942 | _cANA | ||
| 999 |
_c69365 _d69365 |
||